000 00503nam a2200181 a 4500
005 20140412111348.0
008 050420s19uu xx 00 eng d
020 _a1-84135-079-6
050 _aER
_bSi12 2001
100 _aBiro, Val
245 _aThe sick lion and :
_bThe hare and the tortoise /
_cVal Biro.
260 _aLondon :
_bAward Publications Ltd.,
_c2001.
300 _a1 v. (unp.) ; ill.
440 _aAesop's Fables
650 _aAesops
650 _aChildren stories
999 _c105248
_d105248